000
00282 a2200121 4500
000
nam a22 7a 4500
005
20260413123943.0
100
_a
Razavi
245
_a
Design of analog cmos intergrated circuits
250
_a
2nd
260
_b
McGraw Hill
_c
2024
942
_c
TEXL
999
_c
1848252
_d
1848252